| 000 | 00387nam a22001337a 4500 | ||
|---|---|---|---|
| 082 |
_a954.0317 _bTHA |
||
| 245 |
_aTwo Indian campaigns In 1857-58 _cT. Thackerray |
||
| 260 |
_aChatham. _bJ. kackay and Co. _cc1896. |
||
| 300 |
_a130 p. _bills. _c20 cm. |
||
| 526 |
_a0 _b0 _c0 _d954_031700000000000_THA |
||
| 526 |
_a0 _b0 _c0 _d954_031700000000000_THA |
||
| 650 |
_aMCE _9379 |
||
| 942 |
_2ddc _cBK |
||
| 999 |
_c553201 _d553201 |
||